Statystyki dla Historyczne flagi państw

Kliknij tutaj aby rozwiązać quiz!

Ogólne statystyki

  • Ten quiz został rozwiązany 969 razy
  • Średni wynik to 10 z 15

Statystyki odpowiedzi

Odpowiedź% Poprawnych
Meksyk
98%
Chiny
96%
Niemcy
94%
Polska
91%
Rosja
87%
Austria
85%
Kanada
80%
Hiszpania
75%
Brazylia
62%
Ukraina
62%
Czechy
55%
Japonia
39%
Belgia
36%
Mjanma
33%
Węgry
27%

Rozkład punktacji

Percentyl według liczby udzielonych odpowiedzi

Procent ludzi z każdym wynikiem

Twoja historia wyników

Nie rozwiązałeś tego quizu